| 000 | 00611nam a2200181 i 4500 | ||
|---|---|---|---|
| 001 | 47770 | ||
| 003 | ES-MaACL | ||
| 005 | 20251108162204.0 | ||
| 007 | t| | ||
| 008 | 030523s1911 fr ||||1| fre d | ||
| 100 | 1 |
_aBeurmann _cDr. de. _928708 |
|
| 245 | 1 | 4 |
_aLes nouvelles mycoses, exascoses (ex-blastomycoses), oïdiomycoses, sporotrichoses, botrytimycose, oosporoses, hémisporose / _cpar MM. de Beurmann et Gougerot. |
| 260 |
_aParis : _bMasson, _c[191] |
||
| 300 |
_a166 p. : _bil. ; _c20 cm. |
||
| 700 | 1 |
_aGougerot, Henri, _d1881-1955 _959317 |
|
| 852 |
_aES-MaACL _jF-11407 |
||
| 999 |
_c47770 _d47770 |
||